| 000 | 00800nam a2200241 a 4500 | ||
|---|---|---|---|
| 005 | 20240601063712.0 | ||
| 008 | 011008s1999 r 000 0 eng d | ||
| 020 | _a8478271775 | ||
| 035 | _aUPN01000112739 | ||
| 049 | _aCG | ||
| 050 | 4 |
_aLB1051 _bD6.6 1999 |
|
| 100 | 1 | _aDomènech Francesch, Joan | |
| 245 | 1 | 3 |
_aLa organización del espacio y del tiempo en el centro educativo / _cJoan Doménech, Jesús Viñas. |
| 250 | _a3a. ed. | ||
| 260 |
_aBarcelona, (Esp.) : _bGraó, _c1999. |
||
| 300 |
_a152 p. : _ecuadros |
||
| 440 | 0 |
_aBiblioteca de aula ; _v123. _tMetodología y recursos |
|
| 590 | _a(También localizas un ejemplar en el "Area de Reserva") | ||
| 590 | _aBibliografía Básica (BGTQ) | ||
| 650 | 4 |
_aPsicopedagogía _95085 |
|
| 700 | 1 |
_aViñas, Jesús, _bcoaut. |
|
| 905 | _aLibro | ||
| 999 |
_c86647 _d86647 |
||